| 000 | 00990nam a2200265Ia 4500 | ||
|---|---|---|---|
| 003 | OSt | ||
| 005 | 20221005105428.0 | ||
| 006 | a|||||r|||| 00| 0 | ||
| 007 | ta | ||
| 008 | 221004b |||||||| |||| 00| 0 hin d | ||
| 020 |
_a8177140957 (hbk) _c225 |
||
| 024 | _a86673 | ||
| 037 |
_b156, 28/03/2007, Swaraj Book Distributor _cTextual |
||
| 040 |
_aCRL _cCRL _bhin |
||
| 041 |
_2hin _ahin |
||
| 082 | _aO152,3N175:g, P3 | ||
| 100 | _aशर्मा, कृष्णा | ||
| 245 | 0 | _aप्रभाकर माचवे का कथा साहित्य | |
| 246 | _aPrabhākar māchave kā kathā sāhitya | ||
| 260 |
_aनई दिल्ली _bप्रकाशन संस्थान भारत _c2003 |
||
| 300 |
_a220पृ0 _ccm. |
||
| 650 | _aहिन्दी साहित्य | ||
| 942 |
_hO152,3N175:g, P3 _cTEXL _2cc |
||
| 999 |
_c1015784 _d1015784 |
||